The public culture of the Victorian middle class : ritual and authority and the English industrial city, 1840-1914

Αποθηκεύτηκε σε:
Λεπτομέρειες βιβλιογραφικής εγγραφής
Κύριος συγγραφέας: Gunn, Simon, 1954-
Μορφή: Βιβλίο
Γλώσσα:English
Δημοσίευση: Manchester : Manchester University Press, 2007, c2000
Θέματα:
Ετικέτες: Προσθήκη ετικέτας
Δεν υπάρχουν, Καταχωρήστε ετικέτα πρώτοι!

MARC

LEADER 00000cam a2200000 i 4500
001 1/4486
008 100216r20072000 eng d
020 |a 978-0-7190-7546-9 
035 |l 10106792 
040 |a GR-MY-UA  |b gre  |e aacr 
041 0 |a eng 
082 0 |a 306.094209034  |2 (22) 
100 1 |a Gunn, Simon,   |d 1954- 
245 1 4 |a The public culture of the Victorian middle class :  |b ritual and authority and the English industrial city, 1840-1914 /  |c Simon Gunn 
260 |a Manchester :   |b Manchester University Press,   |c 2007, c2000 
300 |a x, 207 σ.;  |c 23 εκ. 
504 |a Περιέχει βιβλιογραφικές παραπομπές και ευρετήριο 
650 0 0 |a Cities and towns  |z England  |x History  |y 19th century. 
650 0 0 |a Cities and towns  |z England  |x History  |y 20th century. 
650 0 0 |a Middle class  |z England  |x History  |y 19th century. 
650 0 0 |a Middle class  |z England  |x History  |y 20th century. 
651 0 |a Great Britain  |x Social life and customs  |y 19th century. 
651 0 |a Great Britain  |x Social life and customs  |y 20th century. 
852 |a INST  |b LESVOS  |e 20100216  |h 306.094209034 GUN  |p 005100046073  |q 005100046073  |t BK  |y 0 
901 |a BIBL1-2010-1 
909 |a Λ  |b 162725 
970 |a ΚΑΡΑ  |b ΓΙΑΣΕΜΗ  |z 2010/02/16